Normal view
MARC view
Entry Meeting Name
001 - CONTROL NUMBER
- control field: 38805
003 - CONTROL NUMBER IDENTIFIER
- control field: ARRUPE
005 - DATE AND TIME OF LATEST TRANSACTION
- control field: 20180124084226.0
008 - FIXED-LENGTH DATA ELEMENTS
- fixed length control field: 180124|| aca||aabn | a|a d
040 ## - CATALOGING SOURCE
- Original cataloging agency: ARRUPE
- Transcribing agency: ARRUPE
111 ## - HEADING--MEETING NAME
- Meeting name or jurisdiction name as entry element: Colloque internationale du CERA
- Number of part/section/meeting: (4th :
- Date of meeting: 1992 :
- Location of meeting: Kinshasa)
670 ## - SOURCE DATA FOUND
- Source citation: Work cat.: (ARRUPE)0: Colloque internationale du CERA (4th : 1992 : Kinshasa), Sectes, cultures et sociétés :, 1994.